书目信息 |
| 题名: |
发展合作
|
|
| 作者: | 克林格比尔 著 ;白云真 译 | |
| 分册: | ||
| 出版信息: | 上海 上海人民出版社 2019 |
|
| 页数: | 22,119页 | |
| 开本: | 23cm | |
| 丛书名: | 中国与全球政治经济丛书 | |
| 单 册: | ||
| 中图分类: | D812 | |
| 科图分类: | ||
| 主题词: | 国际合作--研究 | |
| 电子资源: | ||
| ISBN: | 978-7-208-15725-5 | |
| 000 | 01353nam0 2200289 450 | |
| 001 | 2231768557 | |
| 005 | 20220929084951.20 | |
| 010 | @a978-7-208-15725-5@dCNY40.00 | |
| 100 | @a20190530d2019 em y0chiy50 ea | |
| 101 | 1 | @achi@cger |
| 102 | @aCN@b310000 | |
| 105 | @ay z 000yy | |
| 200 | 1 | @a发展合作@9fa zhan he zuo@e援助新体系的挑战@dDevelopment cooperation@echallenges of the new aid architecture@f(德)斯特凡·克林格比尔(Stephan Klingebiel)著@g白云真译@zeng |
| 210 | @a上海@c上海人民出版社@d2019 | |
| 215 | @a22,119页@d23cm | |
| 225 | 1 | @a中国与全球政治经济丛书 |
| 300 | @a获得广西大学中国-东盟研究院课题“2015年后发展议程与中国-东盟发展合作研究”的资助 | |
| 330 | @a本书的研究就是对联合国发展合作改革的现有争论而做出的具有建设性的贡献。它分析了联合国发展合作作为一个整体所具有的缺陷,以及目前为止针对这些问题所做出的改革举措。在这个基础上,本书验证了如若要使“联合国发展计划”更加有效,在未来哪些努力是必要的。 | |
| 461 | 0 | @12001 @a中国与全球政治经济丛书 |
| 510 | 1 | @aDevelopment cooperation@echallenges of the new aid architecture@zeng |
| 517 | 1 | @a援助新体系的挑战@9yuan zhu xin ti xi de tiao zhan |
| 606 | 0 | @a国际合作@x研究 |
| 690 | @aD812@v5 | |
| 701 | 0 | @c(德)@a克林格比尔@9ke lin ge bi er@c(Klingebiel, Stephan)@4著 |
| 702 | 0 | @a白云真@9bai yun zhen@4译 |
| 801 | 0 | @aCN@b91MARC@c20190604 |
| 905 | @aZUCC@dD812@e2 | |
| 发展合作:援助新体系的挑战=Development cooperation:challenges of the new aid architecture/(德)斯特凡·克林格比尔(Stephan Klingebiel)著/白云真译.-上海:上海人民出版社,2019 |
| 22,119页;23cm.-(中国与全球政治经济丛书) |
| 获得广西大学中国-东盟研究院课题“2015年后发展议程与中国-东盟发展合作研究”的资助 |
| ISBN 978-7-208-15725-5:CNY40.00 |
| 本书的研究就是对联合国发展合作改革的现有争论而做出的具有建设性的贡献。它分析了联合国发展合作作为一个整体所具有的缺陷,以及目前为止针对这些问题所做出的改革举措。在这个基础上,本书验证了如若要使“联合国发展计划”更加有效,在未来哪些努力是必要的。 |
| ● |
| 相关链接 |
|
|
|
正题名:发展合作
索取号:D812/2
 
预约/预借
| 序号 | 登录号 | 条形码 | 馆藏地/架位号 | 状态 | 备注 |
| 1 | 2000905786 | 2000905786 | 第三书库/ [索取号:D812/2] | 在馆 | |
| 2 | 2000905787 | 2000905787 | 第三书库/ [索取号:D812/2] | 在馆 | |
| 3 | 2000905788 | 2000905788 | 第三书库/ [索取号:D812/2] | 在馆 |